000 01008nam a2200277Ia 4500
003 OSt
005 20221005111049.0
006 a|||||r|||| 00| 0
007 ta
008 221004b |||||||| |||| 00| 0 hin d
020 _a8171199100 (hbk)
_c300
024 _a15769
037 _bBR6147, 23/12/2014, Rajkamal Prakashan Pvt. Ltd.
_cTextual
040 _aCRL
_cCRL
_bhin
041 _2hin
_ahin
082 _aO155,3N50,YP, 152M3;P4
100 _aप्र. ई. सोनकांबले
_9624162
245 0 _aयादों के पंछी
246 _aYādoan ke panchhī
250 _a2 संस्करण
260 _aनई दिल्ली
_bराधाकृष्ण भारत
_c2004
300 _a134पृ0
_ccm.
650 _aमराठी साहित्य
942 _hO155,3N50,YP, 152M3;P4
_cTEXL
_2cc
999 _c1020690
_d1020690